Reactive oxygen species in biological systems an interdisciplinary approach
Saved in:
| Main Author: | |
|---|---|
| Format: | Book |
| Language: | English |
| Published: |
Kluwer Academic Plenum
1999
|
| Tags: |
Add Tag
No Tags, Be the first to tag this record!
|
MARC
| LEADER | 00000nam a22000007a 4500 | ||
|---|---|---|---|
| 008 | 210120b ||||| |||| 00| 0 eng d | ||
| 020 | |a 0-306-45756-3 | ||
| 100 | |a GILBERT, Daniel L | ||
| 245 | |a Reactive oxygen species in biological systems |b an interdisciplinary approach |c Daniel L. Gilbert and Carol A. Colton | ||
| 260 | |b Kluwer Academic Plenum |c 1999 |h New York |i 311831 |l QP535 .O1G37 | ||
| 942 | |a lcc |c BK |e Adeyeye Y. S. |f 20/ 01 2021 | ||
| 952 | |0 0 |1 0 |2 lcc |4 0 |6 QP0535 O1 G37 |7 0 |9 1284 |a HOL |b HOL |c QZ |d 2021-01-20 |l 0 |o QP535 .O1G37 |p 2021-0097 |r 2021-01-20 00:00:00 |w 2021-01-20 |y BK | ||
| 999 | |c 666 |d 666 | ||